<?xml version="1.0" encoding="UTF-8"?>
<collection xmlns="http://www.loc.gov/MARC21/slim">
 <record>
  <leader>01473nam a22002295a 4500</leader>
  <controlfield tag="001">CEM.cems021140</controlfield>
  <controlfield tag="008">240506s2020####ag############000#0#und#d</controlfield>
  <controlfield tag="005">20240506152119.0</controlfield>
  <datafield tag="245" ind1="1" ind2="0">
   <subfield code="a">Caídos del mapa XII :</subfield>
   <subfield code="b">amigos con secretos /</subfield>
   <subfield code="c">María Inés Falconi ; ilustrado por Vik Arrieta.</subfield>
  </datafield>
  <datafield tag="250" ind1=" " ind2=" ">
   <subfield code="a">3a ed.</subfield>
  </datafield>
  <datafield tag="260" ind1=" " ind2=" ">
   <subfield code="a">Buenos Aires :</subfield>
   <subfield code="b">Quipu,</subfield>
   <subfield code="c">2020.</subfield>
  </datafield>
  <datafield tag="300" ind1=" " ind2=" ">
   <subfield code="a">160 p.</subfield>
  </datafield>
  <datafield tag="490" ind1="1" ind2=" ">
   <subfield code="a">Verde</subfield>
  </datafield>
  <datafield tag="500" ind1=" " ind2=" ">
   <subfield code="a">Edad sugerida a partir de 13 años.</subfield>
  </datafield>
  <datafield tag="520" ind1=" " ind2=" ">
   <subfield code="a">Se cumplen 10 años de egresados de séptimo año y...¡Miriam se propone festejarlo en grande! Para eso, invita a sus compañeros a una fiesta en la cual la única condición es llevar un objeto y una anécdota de la Primaria para compartir en grupo. Aunque la vida los está llevando por caminos diferentes, Fede, Fabián, Graciela y Paula se encontrarán una vez más recordando viejos tiempos, travesuras, amores, desamores, historias y secretos nunca antes revelados, en el medio de una guerra cibernética con fotos trucadas y hackers que los pondrá en guardia y volverá a unirlos como antes. ¿Podrán los chicos descubrir quién es el hacker? ¿Qué ocurrirá con la reunión de egresados? Y finalmente, ¿serán los amigos, amigos por siempre?</subfield>
  </datafield>
  <datafield tag="020" ind1=" " ind2=" ">
   <subfield code="a">9789875041776</subfield>
  </datafield>
  <datafield tag="100" ind1="1" ind2=" ">
   <subfield code="a">Falconi, María Inés.</subfield>
  </datafield>
  <datafield tag="700" ind1="1" ind2=" ">
   <subfield code="a">Arrieta, Vik; il.</subfield>
  </datafield>
  <datafield tag="653" ind1=" " ind2=" ">
   <subfield code="a">Novela juvenil</subfield>
  </datafield>
  <datafield tag="653" ind1=" " ind2=" ">
   <subfield code="a">Literatura argentina</subfield>
  </datafield>
  <datafield tag="653" ind1=" " ind2=" ">
   <subfield code="a">Literatura juvenil</subfield>
  </datafield>
  <datafield tag="859" ind1=" " ind2=" ">
   <subfield code="a">CEMS</subfield>
   <subfield code="b">BIB. CEMS - 11 de abril</subfield>
   <subfield code="h">A863.4</subfield>
   <subfield code="i">F181-1</subfield>
   <subfield code="p">29937.24</subfield>
   <subfield code="t">Ej.1</subfield>
   <subfield code="3">12</subfield>
  </datafield>
 </record>
</collection>
